Les 12 coups de midi | Coup fatal #3 - Statistiques

Statistiques générales
  • Ce quiz a été pris 709 fois
  • Le résultat moyen est 6 sur 20
Statistiques - réponses
Questions Réponses % Correct
Dans quel pays se situe la municipalité d'Indian Wells ? Etats-unis
77%
Qu'appelle-t-on familièrement les "trous de nez" ? narines
70%
D'après son nom, que met-on dans une bonbonnière ? bonbons
63%
Quel adjectif définit une station située au bord de la mer ? balnéaire
60%
Quel pays n'est frontalier que de l'Afrique du Sud ? Lesotho
58%
Qui est le dernier footballeur français à avoir reçu le Ballon d'or ? Karim Benzema
55%
Quelle est la nationalité de l'explorateur Bartolomeu Dias portugais
55%
Dans quelle émission de TF1 Alizée et Rayane Bensetti ont-ils chacun rencontré l'élu de leur coeur ? Danse avec les stars
54%
Quand on donne des arguments à quelqu'un, qu'apporte-t-on à son moulin ? eau
39%
Quel organe est irrigué par les artères coronaires ? coeur
28%
A New York, comment appelait-on les tours jumelles du World Trade Center ? twin towers
28%
Quand on accable quelqu'un d'injures, on dit qu'on "l'engueule comme un poisson... pourri
18%
Dans quelle région d'Espagne se trouve la ville de La Corogne ? Galice
11%
D'après la fameuse citation de Rabelais, "Science sans conscience n'est que... ruine de l'âme
9%
Qui est le colocataire de Sheldon dans la série "The Big Bang Theory" ? Leonard
7%
Dans la saga des "Gendarmes", comment se prénomme la femme de Ludovic Cruchot ? Josépha
2%
Quel verbe désigne la décision unilatérale d'un roi qui rompt son mariage selon les formes légales ? répudier
2%
Dans quelle série Jonathan Rhys-Meyers incarne-t-il le roi anglais Henri VIII Tudors
2%
En 1963, qui fut la première femme à effectuer un vol dans l'espace ? Valentina Terechkova
2%
De quel personnage créé par l'auteur de "Tarzan" suit-on les aventures sur la planète Mars ? John Carter
0%
Aucun quiz correspondant
Distribution des résultats
% des personnes avec chaque résultat
Percentile par nombre de réponses
Votre historique - résultats
Vous n’avez pas pris ce quiz